[Event "Open"]
[Site "Kavala GRE"]
[Date "2009.08.02"]
[Round "3"]
[White "Yakovich,Yur"]
[Black "Danielian,E"]
[Result "1-0"]
[WhiteElo "2576"]
[BlackElo "2502"]

1.d4 Nf6 2.c4 g6 3.Nc3 d5 4.cxd5 Nxd5 5.e4 Nxc3 6.bxc3 Bg7 7.Nf3 c5 8.Bb5+ Bd7
9.Be2 Bg4 10.Rb1 O-O 11.O-O cxd4 12.cxd4 Bxf3 13.Bxf3 Bxd4 14.Rxb7 Nc6 15.Qa4 Qd6
16.Rb5 Rfd8 17.Rd5 Qe6 18.Rd1 Bb6 19.Bb2 Rab8 20.Bc3 Rdc8 21.h3 h5 22.Be2 Kh7
23.Bc4 Nb4 24.Rxh5+ gxh5 25.Bxe6 Rxc3 26.Bxf7 Rc2 27.Rf1 Rf8 28.Qb3 Kg7 29.Bxh5 Rfxf2
30.Rxf2 Rxf2 31.Qg3+ Kh8 32.Kh2 Nc2 33.Qe5+ Kg8 34.Qg5+ Kh8 35.Qh6+ Kg8 36.Qg6+ Kh8
37.Qe8+ Kg7 38.Qxe7+ Kh6 39.Qe8 Kg7 40.Kg3 Ne1 41.Qg6+ Kf8 42.Bf3 Rf1 43.Qf6+ Kg8
44.e5 Nxf3 45.gxf3  1-0

[Event "HZ Open"]
[Site "Vlissingen NED"]
[Date "2009.08.02"]
[Round "3"]
[White "Kahn,Mi"]
[Black "De Ridder,D"]
[Result "1-0"]
[WhiteElo "2139"]
[BlackElo "1914"]

1.d4 Nf6 2.c4 g6 3.Nc3 d5 4.cxd5 Nxd5 5.e4 Nxc3 6.bxc3 Bg7 7.Nf3 c5 8.Rb1 O-O
9.Be2 cxd4 10.cxd4 Qa5+ 11.Bd2 Qxa2 12.O-O Nc6 13.d5 Ne5 14.Nxe5 Bxe5 15.Bb4 Bf6
16.f4 Rd8 17.h3 e6 18.Rf3 Bd4+ 19.Kh2 a5 20.Ra3 axb4 21.Rxa2 Rxa2 22.Qxd4 Rxe2
23.Qc4 Re3 24.Qc7 Re8 25.d6 Rd3 26.e5 b3 27.Qc4 Rd5 28.Rxb3 Kf8 29.Qc7 Rd2
30.Ra3 Rd5 31.Ra8  1-0

[Event "HZ Open"]
[Site "Vlissingen NED"]
[Date "2009.08.02"]
[Round "3"]
[White "Ten Hagen,Y"]
[Black "Andersen,NE"]
[Result "1-0"]
[WhiteElo "2150"]
[BlackElo "1981"]

1.d4 Nf6 2.c4 g6 3.Nc3 d5 4.cxd5 Nxd5 5.e4 Nxc3 6.bxc3 Bg7 7.Nf3 O-O 8.Be2 c5
9.Rb1 Nc6 10.d5 Ne5 11.Nxe5 Bxe5 12.Qd2 Qa5 13.Rb3 Bd7 14.f4 Bg7 15.e5 Rab8
16.c4 Qxd2+ 17.Bxd2 g5 18.Rg3 h6 19.h4 b5 20.hxg5 hxg5 21.Bd3 Rfc8 22.Rxg5 bxc4
23.Rh7 cxd3 24.Rgxg7+ Kf8 25.Rxf7+ Kg8 26.e6 Be8 27.Bc3 Bxf7 28.Rh8+  1-0

[Event "Open"]
[Site "Kavala GRE"]
[Date "2009.08.03"]
[Round "4"]
[White "Sandipan,C"]
[Black "Gupta,Ab"]
[Result "1/2-1/2"]
[WhiteElo "2585"]
[BlackElo "2565"]

1.d4 Nf6 2.c4 g6 3.Nc3 d5 4.cxd5 Nxd5 5.e4 Nxc3 6.bxc3 Bg7 7.Nf3 c5 8.Rb1 O-O
9.Be2 cxd4 10.cxd4 Qa5+ 11.Qd2 Qxd2+ 12.Bxd2 b6 13.O-O Ba6 14.Bxa6 Nxa6 15.Rfc1 Rfc8
16.Kf1 Nc7 17.Bb4 Kf8 18.d5 Ke8 19.Bc3 Bh6 20.Bd2 Bxd2 21.Nxd2 Na6 22.Ke2  1/2-1/2

[Event "FSIMB August"]
[Site "Budapest HUN"]
[Date "2009.08.04"]
[Round "4"]
[White "Nyland,T"]
[Black "Kislik,E"]
[Result "1-0"]
[WhiteElo "2156"]
[BlackElo "2342"]

1.d4 Nf6 2.c4 g6 3.Nc3 d5 4.cxd5 Nxd5 5.e4 Nxc3 6.bxc3 Bg7 7.Nf3 c5 8.Be3 O-O
9.Rc1 Nd7 10.d5 b6 11.Bd3 Nf6 12.c4 Ng4 13.Bd2 f6 14.h3 Nh6 15.O-O e5 16.a4 Nf7
17.a5 f5 18.Qb3 f4 19.Rb1 Rb8 20.axb6 axb6 21.Ba5 Ng5 22.Be2 Nxe4 23.Bxb6 Qf6
24.Bd3 Ng5 25.Nxg5 Qxg5 26.Be4 Rf6 27.d6 Rxd6 28.Bd8 Rxd8 29.Qxb8 Bxh3 30.Qb3 Bxg2
31.Bxg2 e4 32.Rfd1 Bd4 33.Kf1 f3 34.Bxf3 exf3 35.Qxf3 Rf8 36.Qd5+ Qxd5 37.cxd5 Bxf2
38.d6 Bd4+ 39.Ke2 Rd8 40.Rb6 Rd7 41.Kd3 Kf7 42.Kc4 Be3 43.Rf1+ Kg7 44.Re1 Bd2
45.Re2 Ba5 46.Rc6 h5 47.Rxc5 Rxd6 48.Rxa5 Kh6 49.Rd5 Rf6 50.Re8 Rf4+ 51.Kd3 Rf1
52.Ke2 Rf6 53.Rh8+ Kg7 54.Rdd8 Ra6 55.Rhg8+ Kh6 56.Rd5 Rb6 57.Re8 Rf6 58.Rde5 Ra6
59.R8e6 Ra2+ 60.Kf3 Ra3+ 61.Re3 Ra4 62.R3e4 Ra3+ 63.Kf4 Ra5 64.Rb6 Rf5+ 65.Kg3 Rd5
66.Ree6 Rg5+ 67.Kh3 Rg1 68.Re3 Rh1+ 69.Kg2 Ra1 70.Rg3 Ra2+ 71.Kh3  1-0

[Event "Open"]
[Site "Ptuj SLO"]
[Date "2009.08.04"]
[Round "3"]
[White "Gruskovnjak,T"]
[Black "Vrabic,A"]
[Result "1/2-1/2"]
[WhiteElo "2363"]
[BlackElo "2119"]

1.d4 Nf6 2.c4 g6 3.Nc3 d5 4.cxd5 Nxd5 5.e4 Nxc3 6.bxc3 Bg7 7.Bc4 Nc6 8.Ne2 e5
9.d5 Na5 10.Qa4+ c6 11.dxc6 Nxc6 12.Ba3 Bf8 13.Bxf8 Kxf8 14.O-O Kg7 15.Bd5 Bd7
16.Qb3 Qc7 17.Rad1 Rhd8 18.c4 Rac8 19.Qg3 Na5 20.Rc1 f6 21.h4 Qd6 22.f4 Be8
23.fxe5 fxe5 24.Kh2 Rc7 25.c5 Qe7 26.Rf5 Nc6 27.Rcf1 Qxc5 28.Rxe5 Qd6 29.Nf4 Qxe5
30.Ne6+ Kh6 31.Nxc7 Qxg3+ 32.Kxg3 Bd7 33.Rd1 Bc8 34.Rb1 g5 35.hxg5+ Kxg5
36.Rb3 h5 37.Rc3 h4+ 38.Kf2 Kf4 39.g3+ hxg3+ 40.Rxg3 Bg4 41.Rb3  1/2-1/2

[Event "110th US Open"]
[Site "Indianapolis USA"]
[Date "2009.08.05"]
[Round "5"]
[White "Huang,V"]
[Black "Kudrin,S"]
[Result "0-1"]
[WhiteElo "2063"]
[BlackElo "2578"]

1.d4 Nf6 2.c4 g6 3.Nc3 d5 4.cxd5 Nxd5 5.e4 Nxc3 6.bxc3 Bg7 7.Nf3 c5 8.Be3 Qa5
9.Qd2 Nc6 10.Rc1 cxd4 11.cxd4 Qxd2+ 12.Kxd2 O-O 13.Bb5 Rd8 14.Bxc6 bxc6 15.Rc5 f5
16.e5 Be6 17.Ra5 Rdb8 18.Rc1 Bd5 19.Ne1 Bf8 20.f3 e6 21.Nd3 Be7 22.Ke2 g5
23.Bd2 Rb7 24.Ra4 a5 25.Rc2 Rb5 26.Nc5 Kf7 27.Nd3 f4 28.Rc1 Kg6 29.Rc2 Kf5
30.Rc1 h5 31.Rc2 Bf8 32.Rc1 Be7 33.Rc2 Kg6 34.Rc1 Ra7 35.Rc2 Kf5 36.Kf2 Bd8
37.Ke2 Bb6 38.Be1 Rc7 39.Bd2 Rb1 40.Rc1 Rxc1 41.Bxc1 h4 42.h3 c5 43.dxc5 Bxc5
44.Rxa5 Bc4 45.Ba3 Be3 46.Ra8 Bb5 47.Rf8+ Kg6 48.Rg8+ Kh7 49.Rd8 Rc2+ 50.Ke1 Rc3  0-1

[Event "Open"]
[Site "Ptuj SLO"]
[Date "2009.08.05"]
[Round "5"]
[White "Vujec,I"]
[Black "Sorcnik,F"]
[Result "1/2-1/2"]
[WhiteElo "1971"]
[BlackElo "2179"]

1.d4 Nf6 2.c4 g6 3.Nc3 d5 4.cxd5 Nxd5 5.e4 Nxc3 6.bxc3 Bg7 7.Bc4 c5 8.Ne2 O-O
9.Be3 Qc7 10.Rc1 Nc6 11.h4 Bg4 12.f3 Na5 13.Bd3 Be6 14.Bd2 Nc4 15.Bxc4 Bxc4
16.h5 Bxe2 17.Kxe2 Rfd8 18.d5 c4 19.Bh6 Bh8 20.hxg6 fxg6  1/2-1/2

[Event "HZ Open"]
[Site "Vlissingen NED"]
[Date "2009.08.05"]
[Round "6"]
[White "Galle,A"]
[Black "Vroombout,E"]
[Result "1-0"]
[WhiteElo "1983"]
[BlackElo "2190"]

1.d4 Nf6 2.c4 g6 3.Nc3 d5 4.cxd5 Nxd5 5.e4 Nxc3 6.bxc3 Bg7 7.Bc4 c5 8.Ne2 Nc6
9.Be3 O-O 10.O-O Bd7 11.Rc1 Rc8 12.f4 e6 13.Qe1 Na5 14.Bd3 f5 15.Ng3 Ba4
16.Qf2 Qd7 17.d5 exd5 18.exf5 d4 19.cxd4 c4 20.Be4 gxf5 21.Bf3 Rfe8 22.d5 Rxe3
23.Qxe3 c3 24.Qxa7 Nc4 25.Nxf5 Bf8 26.d6 Qxf5 27.Qxa4 Bxd6 28.Bxb7 Qc5+ 29.Kh1 Rb8
30.Rxc3 Rxb7 31.Qxc4+  1-0

[Event "HZ Open"]
[Site "Vlissingen NED"]
[Date "2009.08.05"]
[Round "6"]
[White "Plachkinova,T"]
[Black "Bezemer,A"]
[Result "0-1"]
[WhiteElo "2169"]
[BlackElo "2332"]

1.d4 Nf6 2.c4 g6 3.Nc3 d5 4.cxd5 Nxd5 5.e4 Nxc3 6.bxc3 Bg7 7.Nf3 c5 8.Rb1 O-O
9.Be2 Nc6 10.d5 Ne5 11.Nxe5 Bxe5 12.Qd2 e6 13.f4 Bc7 14.O-O exd5 15.exd5 Ba5
16.Rb3 b6 17.Qd1 Bd7 18.Ra3 c4 19.Bxc4 Rc8 20.Ba6 Rxc3 21.Bb2 Rxa3 22.Bxa3 Re8
23.Bb2 b5 24.Kh1 Qb6 25.Qd4 Qxd4 26.Bxd4 Re2 27.Bxa7 Rxa2 28.Bb7 Bf5 29.h3 Be4
30.Rf2 Bd2 31.Bb8 Ra1+ 32.Kh2 Be3 33.Re2 Bg1+ 34.Kg3 Ra3+ 35.Kg4 Bc5 36.Be5 f5+
37.Kg5 Rg3+ 38.Kh4 Rxg2 39.Rxg2 Bxg2 40.d6 Bxb7 41.d7 Be7+ 42.Kg3 Bc6  0-1

[Event "IMA"]
[Site "Olomouc CZE"]
[Date "2009.08.06"]
[Round "2"]
[White "Lahiri,A"]
[Black "Masse,H"]
[Result "1-0"]
[WhiteElo "2361"]
[BlackElo "2220"]

1.d4 Nf6 2.c4 g6 3.Nc3 d5 4.cxd5 Nxd5 5.e4 Nxc3 6.bxc3 Bg7 7.Bg5 c5 8.Rc1 cxd4
9.cxd4 O-O 10.Nf3 Qa5+ 11.Qd2 Qxd2+ 12.Kxd2 e6 13.Bb5 Nc6 14.Bxc6 bxc6 15.e5 Bd7
16.Rb1 Rfb8 17.Be7 Rb5 18.a4 Rd5 19.Rb7 Bf8 20.Bxf8 Kxf8 21.Rc1 c5 22.Rxc5 Rxc5
23.dxc5 Bxa4 24.Ng5 Be8 25.Nxh7+ Kg7 26.Ng5 Kf8 27.c6 Rc8 28.c7 Ke7 29.Rxa7 Kd7
30.Ne4  1-0

[Event "110th US Open"]
[Site "Indianapolis USA"]
[Date "2009.08.08"]
[Round "8"]
[White "Wright,W"]
[Black "Antal,Ge"]
[Result "0-1"]
[WhiteElo "2188"]
[BlackElo "2479"]

1.d4 Nf6 2.c4 g6 3.Nc3 d5 4.cxd5 Nxd5 5.e4 Nxc3 6.bxc3 Bg7 7.Bc4 c5 8.Ne2 O-O
9.O-O Nc6 10.Be3 Na5 11.Bd3 b6 12.dxc5 Qc7 13.cxb6 axb6 14.Qc2 Nc4 15.Bxc4 Qxc4
16.Bxb6 Ra3 17.Qb2 Ra4 18.Nd4 Bd7 19.Qb3 Rb8 20.Qxc4 Rxc4 21.Ba5 Ra8 22.Bb6 Ra6
23.Rab1 Rxc3 24.Nf3 Bc6 25.Rfe1 Rc4 26.Bd8 e6 27.e5 Rxa2 28.Bf6 h6 29.Bxg7 Kxg7
30.Rbc1 Rxc1 31.Rxc1 Bxf3 32.gxf3 Ra5 33.Re1 g5 34.f4 gxf4 35.Re4 f3 36.Rg4+ Kf8
37.h4 Rxe5 38.Rf4 Rf5 39.Rxf5 exf5 40.Kh2  0-1

[Event "110th US Open"]
[Site "Indianapolis USA"]
[Date "2009.08.08"]
[Round "8"]
[White "Mulyar,M"]
[Black "Kudrin,S"]
[Result "0-1"]
[WhiteElo "2390"]
[BlackElo "2578"]

1.c4 Nf6 2.d4 g6 3.Nc3 d5 4.cxd5 Nxd5 5.e4 Nxc3 6.bxc3 Bg7 7.Nf3 c5 8.Rb1 O-O
9.Be2 b6 10.O-O Bb7 11.Qc2 cxd4 12.cxd4 Qc8 13.Qd3 Qc6 14.d5 Qa4 15.Bg5 Qxa2
16.Qe3 e6 17.d6 Nd7 18.Bb5 Nc5 19.Be7 Bxe4 20.Rbd1 Qb2 21.Bxf8 Rxf8 22.Be2 Rd8
23.Nd2 Bd5 24.Nc4 Qc3 25.Qf4 Qf6 26.Qc1 Nb3 27.Qe3 Nd4 28.Bd3 h5 29.Ra1 Bxc4  0-1

[Event "Open"]
[Site "Ptuj SLO"]
[Date "2009.08.08"]
[Round "8"]
[White "Vujec,I"]
[Black "Vrabic,A"]
[Result "1/2-1/2"]
[WhiteElo "1971"]
[BlackElo "2119"]

1.d4 Nf6 2.c4 g6 3.Nc3 d5 4.cxd5 Nxd5 5.e4 Nxc3 6.bxc3 Bg7 7.Bc4 Nc6 8.Ne2 e5
9.Ba3 Bf8 10.Bxf8 Kxf8 11.O-O Kg7 12.f4 Na5 13.Bb3 exf4 14.Rxf4 f6 15.Bc2 c6
16.h4 Be6 17.Ng3 b5 18.a3 Nc4 19.Qf3 a5 20.h5 Rf8 21.h6+ Kxh6 22.Nf5+ Bxf5
23.Rh4+ Kg7 24.exf5 Qe8 25.fxg6 Qe3+ 26.Qxe3 Nxe3 27.Rxh7+ Kg8 28.Bb3+ Nd5
29.Bxd5+ cxd5 30.Rb1 Rab8 31.Rd7 Rfc8 32.Re1 b4 33.axb4 axb4 34.cxb4 Rxb4
35.Ree7 Rxd4 36.Rg7+ Kf8 37.Rh7 Kg8 38.Rh5 Rg4  1/2-1/2

[Event "Arctic Chess Challenge"]
[Site "Tromso NOR"]
[Date "2009.08.09"]
[Round "9"]
[White "Khenkin,I"]
[Black "Leniart,A"]
[Result "1-0"]
[WhiteElo "2634"]
[BlackElo "2390"]

1.d4 Nf6 2.c4 g6 3.Nc3 d5 4.cxd5 Nxd5 5.e4 Nxc3 6.bxc3 Bg7 7.Nf3 c5 8.Be3 Qa5
9.Qd2 O-O 10.Rc1 Bg4 11.d5 Nd7 12.c4 Qxd2+ 13.Nxd2 f5 14.f3 f4 15.Bf2 Bh5
16.Be2 g5 17.h4 g4 18.fxg4 Be8 19.O-O b6 20.g3 Ne5 21.gxf4 Rxf4 22.Bg3 Rxf1+
23.Nxf1 Bd7 24.Ne3 e6 25.g5 exd5 26.Nxd5 Bg4 27.Bxe5 Bxe2 28.Bxg7 Kxg7 29.Kf2 Bh5
30.Nf4 Bf7 31.h5 Re8 32.h6+ Kg8 33.Nd5 Bxd5 34.exd5 Re5 35.d6 Kf7 36.Rd1 Ke8
37.Re1  1-0

[Event "Jubilee Open"]
[Site "Zuerich SUI"]
[Date "2009.08.11"]
[Round "4"]
[White "Gonzalez Garcia,J2"]
[Black "Safarli,E"]
[Result "1/2-1/2"]
[WhiteElo "2509"]
[BlackElo "2597"]

1.d4 Nf6 2.c4 g6 3.Nc3 d5 4.cxd5 Nxd5 5.e4 Nxc3 6.bxc3 Bg7 7.Nf3 c5 8.Be3 O-O
9.Be2 b6 10.Rc1 e6 11.h4 Bb7 12.e5 cxd4 13.cxd4 Nc6 14.h5 Ne7 15.Bg5 Qd7
16.Qd2 Rac8 17.Rxc8 Rxc8 18.hxg6 fxg6 19.Bf6 Bxf3 20.Bxf3 Bxf6 21.exf6 Nd5
22.Bxd5 exd5 23.Qf4 Qe6+ 24.Kd2 Rf8 25.Qc7 Qf7 26.Qe7 h5 27.Rc1 Qxf6 28.Qxf6 Rxf6
29.Ke3 Kg7 30.Rc8 Re6+ 31.Kd3 Rf6 32.Ke3 Re6+ 33.Kd3  1/2-1/2

[Event "Yoel Geva YTGM"]
[Site "Tel Aviv ISR"]
[Date "2009.08.12"]
[Round "4"]
[White "Nedobora,M"]
[Black "Bykhovsky,An ISR"]
[Result "1/2-1/2"]
[WhiteElo "2391"]
[BlackElo "2487"]

1.d4 Nf6 2.c4 g6 3.Nc3 d5 4.cxd5 Nxd5 5.e4 Nxc3 6.bxc3 Bg7 7.Nf3 c5 8.Rb1 O-O
9.Be2 b6 10.O-O Bb7 11.Qd3 e6 12.Bg5 Qc7 13.Qe3 Nd7 14.e5 Rac8 15.Nd2 Bd5
16.Be7 Rfe8 17.Bd6 Qb7 18.Bf3 Bxf3 19.Nxf3 cxd4 20.cxd4 Qc6 21.Qa3 Qb7 22.h4 Bh6
23.Qd3 Qd5 24.Qa6 Rc2 25.Qxa7 Qc6 26.Qa6 Ra8 27.Qd3 Raxa2 28.Rb3 Bf4 29.Ra3 Rab2
30.Rb3 Ra2 31.Ra3  1/2-1/2

[Event "Jubilee Open"]
[Site "Zuerich SUI"]
[Date "2009.08.12"]
[Round "6"]
[White "Gozzoli,Y"]
[Black "Safarli,E"]
[Result "1/2-1/2"]
[WhiteElo "2498"]
[BlackElo "2597"]

1.d4 Nf6 2.c4 g6 3.Nc3 d5 4.cxd5 Nxd5 5.e4 Nxc3 6.bxc3 Bg7 7.Bc4 c5 8.Ne2 Nc6
9.Be3 O-O 10.O-O Na5 11.Bd3 b6 12.Qd2 e5 13.dxe5 Be6 14.Rfd1 Nc4 15.Bxc4 Bxc4
16.f4 Qe7 17.Qc2 Rfd8 18.Ng3 h5 19.Nf1 Qe6 20.Rd2 Bf8 21.Rad1 Be7 22.Rxd8+ Rxd8
23.Rxd8+ Bxd8 24.Nd2 Ba6  1/2-1/2

[Event "Pan-American Teams"]
[Site "Mendes BRA"]
[Date "2009.08.13"]
[Round "5"]
[White "Vescovi,G"]
[Black "Dominguez Perez,L"]
[Result "1/2-1/2"]
[WhiteElo "2631"]
[BlackElo "2716"]

1.d4 Nf6 2.c4 g6 3.Nc3 d5 4.cxd5 Nxd5 5.e4 Nxc3 6.bxc3 Bg7 7.Bc4 c5 8.Ne2 Nc6
9.Be3 O-O 10.O-O Qc7 11.Rc1 Rd8 12.h3 b6 13.Bf4 Be5 14.Bxe5 Nxe5 15.Bd5 Bb7
16.dxe5 e6 17.c4 exd5 18.exd5 Qxe5 19.f4 Qe3+ 20.Rf2 Re8 21.Rc3 Qe4 22.f5 Qh4
23.fxg6 hxg6 24.Qf1 Ba6 25.Rf4 Qe7 26.Ng3 Qe1 27.Qxe1 Rxe1+ 28.Kf2 Re7 29.Ne4 Rd8
30.h4 Kg7 31.g4 Bc8 32.Nf6 Re5 33.g5 Kf8 34.Ra3 Re7 35.Nh7+ Kg7 36.Nf6 Kf8
37.Re4 Rxe4 38.Nxe4 a6 39.Nf6 b5 40.Ra5 Ke7 41.cxb5 axb5 42.Rxb5 Kd6 43.Rb6+ Ke5
44.Rb8 c4 45.Ke3 c3 46.a4 Kd6 47.Ne4+ Kxd5 48.Nxc3+ Kc4 49.Ne4 Rd3+ 50.Kf4 Bf5
51.a5 Rd4 52.Re8 Kb5 53.Re5+ Ka6 54.h5 Bxe4 55.h6 Bf5+ 56.Kf3 Rh4 57.Kg3 Rh5
58.Rd5 Be6  1/2-1/2

[Event "Jubilee Open"]
[Site "Zuerich SUI"]
[Date "2009.08.13"]
[Round "7"]
[White "Pelletier,Y"]
[Black "Areshchenko,A"]
[Result "1/2-1/2"]
[WhiteElo "2574"]
[BlackElo "2651"]

1.d4 Nf6 2.c4 g6 3.Nc3 d5 4.cxd5 Nxd5 5.e4 Nxc3 6.bxc3 Bg7 7.Be3 c5 8.Qd2 Qa5
9.Nf3 O-O 10.Rc1 Rd8 11.d5 e6 12.c4 Qxd2+  1/2-1/2

[Event "59th ch-HUN"]
[Site "Szeged HUN"]
[Date "2009.08.15"]
[Round "7"]
[White "Prohaszka,P2"]
[Black "Groszpeter,A"]
[Result "1/2-1/2"]
[WhiteElo "2508"]
[BlackElo "2541"]

1.d4 Nf6 2.c4 g6 3.Nc3 d5 4.cxd5 Nxd5 5.e4 Nxc3 6.bxc3 Bg7 7.Bg5 c5 8.Rc1 h6
9.Be3 Qa5 10.Qd2 cxd4 11.cxd4 Qxd2+ 12.Kxd2 O-O 13.Nf3 Rd8 14.Ke1 e6 15.Ne5 Bd7
16.Nxd7 Nxd7 17.Be2 Nb6 18.e5 Rac8 19.Rxc8 Rxc8 20.Kd2 Nd5 21.Rc1 Rxc1 22.Kxc1 Nxe3
23.fxe3 Kf8 24.Bf3 b6 25.Kd2 Ke7 26.Bc6 f6 27.exf6+ Bxf6 28.Kd3 Kd6 29.Bb5 e5
30.Ke4 exd4 31.exd4 g5  1/2-1/2

[Event "A2Bmedialtd.com Int Gp C"]
[Site "Uxbridge ENG"]
[Date "2009.08.15"]
[Round "7"]
[White "Brown,Th"]
[Black "Gormally,D"]
[Result "0-1"]
[WhiteElo "2033"]
[BlackElo "2490"]

1.d4 Nf6 2.c4 g6 3.Nc3 d5 4.cxd5 Nxd5 5.e4 Nxc3 6.bxc3 Bg7 7.Bc4 c5 8.Be3 O-O
9.Ne2 Nc6 10.O-O Na5 11.Bd3 b6 12.Rb1 Qc7 13.d5 c4 14.Bc2 e6 15.dxe6 Bxe6
16.Nd4 Rfe8 17.f4 Rad8 18.Qf3 Nc6 19.Rbd1 Bc8 20.Nb5 Qe7 21.e5 Rxd1 22.Bxd1 Bb7
23.Nd6 Rd8 24.Qe2 Ba6 25.Qf2 Qc7 26.Bf3 Ne7 27.Bd4 Bc8 28.g4 Nc6 29.Bd5 Nxd4
30.cxd4 Rxd6 31.exd6 Qxd6 32.Qf3 c3 33.Bb3 Bxd4+ 34.Kg2 Bd7 35.Qd3 Bxg4 36.Qb5 Bd7
37.Qg5 Bf5 38.Re1 Bf6 39.Qh6 Qd2+  0-1

[Event "24th Open"]
[Site "Tetevan BUL"]
[Date "2009.08.16"]
[Round "3"]
[White "Dzanev,G"]
[Black "Todorov,Mo"]
[Result "1/2-1/2"]
[WhiteElo "2109"]
[BlackElo "2229"]

1.d4 Nf6 2.c4 g6 3.Nc3 d5 4.cxd5 Nxd5 5.e4 Nxc3 6.bxc3 Bg7 7.Bc4 c5 8.Ne2 O-O
9.Be3 Nc6 10.O-O Na5 11.Bd3 b6 12.dxc5 Be6 13.Qc2 bxc5 14.Bxc5 Qc7 15.Bd4 Bh6
16.f4 Nc4 17.h3 Rab8 18.Bxc4 Bxc4 19.f5 Qb7 20.Rfb1 Qa6 21.Rxb8 Rxb8 22.Ng3 Bf4
23.Qf2 Qd6 24.Nf1 a5 25.Ne3 Bd3 26.Nd5 Bh2+ 27.Kh1 Bxe4 28.Nxe7+ Qxe7 29.Kxh2 Bxf5
30.Re1 Be6 31.Bf6 Qf8 32.Re2 Rb5 33.Qd4 Rd5 34.Qa7 Qd6+ 35.g3 Rh5 36.h4 Rc5
37.Bd4 Rh5 38.Qa8+ Qf8 39.Qf3 Rf5 40.Qe3 Qa8 41.Rb2 Rf1 42.Rg2 Qd5 43.Qe5 Qxe5
44.Bxe5 Bd5 45.Rg1 Rxg1 46.Kxg1 Bxa2 47.Kf2 f5 48.Ke3 Kf7 49.Kd4 Ke6 50.Bf4 a4
51.Kc5  1/2-1/2

[Event "Yoel Geva YTGM"]
[Site "Tel Aviv ISR"]
[Date "2009.08.17"]
[Round "8"]
[White "Nedobora,M"]
[Black "Popilski,G"]
[Result "1/2-1/2"]
[WhiteElo "2391"]
[BlackElo "2392"]

1.d4 Nf6 2.c4 g6 3.Nc3 d5 4.cxd5 Nxd5 5.e4 Nxc3 6.bxc3 Bg7 7.Nf3 c5 8.Rb1 O-O
9.Be2 Nc6 10.d5 Ne5 11.Nxe5 Bxe5 12.Qd2 e6 13.f4 Bc7 14.O-O exd5 15.exd5 Ba5
16.d6 b6 17.Bb2 Bf5 18.Rbd1 Qf6 19.Qc1 c4 20.Bxc4 Rac8 21.Bb3 Bxc3 22.Bxc3 Rxc3
23.Qb2 Kg7 24.Rfe1 b5 25.Qe2 Rd8 26.Qxb5  1/2-1/2

[Event "Abu Dhabi Festival Open"]
[Site "Abu Dhabi UAE"]
[Date "2009.08.18"]
[Round "7"]
[White "Melkumyan,H"]
[Black "Rakhmanov,Ale"]
[Result "0-1"]
[WhiteElo "2530"]
[BlackElo "2559"]

1.d4 Nf6 2.c4 g6 3.Nc3 d5 4.cxd5 Nxd5 5.e4 Nxc3 6.bxc3 Bg7 7.Bc4 c5 8.Ne2 O-O
9.O-O Nc6 10.Be3 Bd7 11.Rb1 Qc7 12.Bd3 a6 13.h3 b5 14.f4 e6 15.Qd2 cxd4 16.cxd4 Qa5
17.Qb2 Rfe8 18.Nc1 Qa4 19.e5 Bf8 20.Bc2 Qa3 21.Qxa3 Bxa3 22.Be4 Rac8 23.Nb3 Ne7
24.Bc1 Bb4 25.a3 Bc3 26.Bb2 Bxb2 27.Rxb2 Bc6 28.Nc5 Red8 29.Rd1 Bxe4 30.Nxe4 Nf5
31.Rbd2 Ne3 32.Rb1 Nc2 33.a4 bxa4 34.Rc1 Ne3 35.Ra1 a3 36.Kf2 Nc4 37.Rc2 Kg7
38.d5 exd5 39.Nd2 Nb2 40.Rxc8 Rxc8 41.Nf3 Rc2+ 42.Ke3 a2 43.Kd4 Nc4 44.Kxd5 Na5
45.Ne1 Rd2+ 46.Ke4 Nb3  0-1

[Event "BDO Challenger"]
[Site "Haarlem NED"]
[Date "2009.08.18"]
[Round "4"]
[White "De Haan,E"]
[Black "Ten Hagen,Y"]
[Result "1/2-1/2"]
[WhiteElo "2349"]
[BlackElo "2150"]

1.d4 Nf6 2.c4 g6 3.Nc3 d5 4.cxd5 Nxd5 5.e4 Nxc3 6.bxc3 Bg7 7.Nf3 c5 8.Rb1 O-O
9.Be2 cxd4 10.cxd4 Qa5+ 11.Bd2 Qxa2 12.O-O Bg4 13.Bg5 h6 14.Bh4 a5 15.Rxb7 a4
16.Bxe7 Rc8 17.h3 Bxf3 18.Bxf3 Nc6 19.Bc5 Qc4 20.e5 Nxe5 21.dxe5 Rxc5 22.Rxf7 Qxf7
23.Bxa8 a3 24.Qa4 a2 25.f4 Bxe5 26.fxe5 Qxf1+ 27.Kxf1 Rc1+ 28.Kf2 a1=Q 29.Bd5+ Kf8
30.Qb4+ Ke8 31.Qb5+ Kd8 32.Qb6+ Ke8 33.Qxg6+ Kd7 34.Qg7+ Kd8 35.Qf8+ Kc7
36.Qd6+ Kc8 37.Qf8+ Kc7 38.Qd6+ Kc8 39.Qe6+ Kc7 40.Qd6+  1/2-1/2

[Event "24th Open"]
[Site "Tetevan BUL"]
[Date "2009.08.19"]
[Round "7"]
[White "Vladimirov,Ivo"]
[Black "Todorov,Mo"]
[Result "1/2-1/2"]
[WhiteElo "2082"]
[BlackElo "2229"]

1.d4 Nf6 2.c4 g6 3.Nc3 d5 4.cxd5 Nxd5 5.e4 Nxc3 6.bxc3 Bg7 7.Bc4 O-O 8.Ne2 c5
9.Bd3 Nc6 10.O-O Na5 11.Be3 b6 12.dxc5 bxc5 13.Bxc5 Qc7 14.Bd4 e5 15.Be3 Be6
16.Qc2 Nc4 17.Bc1 Rfd8 18.Rd1 Rd7 19.Ng3 Rad8 20.Be2 f6 21.Rxd7 Qxd7 22.Nf1 Bf7
23.Ne3 Qc6 24.Nxc4 Bxc4 25.Bxc4+ Qxc4 26.Be3 Rd3 27.Qb3 Qxb3 28.axb3 Rxc3
29.Rxa7 Rxb3  1/2-1/2

[Event "16th Vienna Open"]
[Site "Vienna AUT"]
[Date "2009.08.22"]
[Round "8"]
[White "Zilka,S"]
[Black "Demuth,A"]
[Result "1/2-1/2"]
[WhiteElo "2466"]
[BlackElo "2339"]

1.d4 Nf6 2.c4 g6 3.Nc3 d5 4.cxd5 Nxd5 5.e4 Nxc3 6.bxc3 Bg7 7.Bc4 c5 8.Ne2 O-O
9.O-O Nc6 10.Be3 Qc7 11.Rc1 Rd8 12.Qd2 Bd7 13.f4 e6 14.Bd3 Ne7 15.dxc5 e5
16.Qe1 Be6 17.Bb1 exf4 18.Nxf4 Bc4 19.Rf2 Nc6 20.Rd2 Qe5 21.Rxd8+ Rxd8 22.Qf2 Bf8
23.h3 Rd7 24.a4 a5 25.Nd5 Bxd5 26.exd5 Rxd5 27.Ba2 Qxe3 28.Qxe3 Bxc5 29.Qxc5 Rxc5
30.Rb1 Nd8 31.Rd1  1/2-1/2

[Event "5th Gazi Open"]
[Site "Heraklion GRE"]
[Date "2009.08.23"]
[Round "2"]
[White "Kolomvakis,S"]
[Black "Aggelis,N"]
[Result "0-1"]
[WhiteElo "1738"]
[BlackElo "2296"]

1.d4 Nf6 2.c4 g6 3.Nc3 d5 4.cxd5 Nxd5 5.e4 Nxc3 6.bxc3 Bg7 7.Be3 O-O 8.Qd2 c5
9.f4 Qa5 10.Rd1 Nc6 11.Nf3 Bg4 12.Be2 Rfd8 13.e5 Be6 14.O-O cxd4 15.Nxd4 Nxd4
16.cxd4 Qxa2 17.Bf3 Qxd2 18.Rxd2 Bd5 19.Bxd5 Rxd5 20.Rc1 a5 21.Rc7 Rb5 22.d5 Rd8
23.d6 exd6 24.exd6 Bf6 25.g4 h6 26.Bc5 Bc3 27.Rd3 Bb4 28.Bxb4 Rxb4 29.d7 Kf8
30.h3 Rxf4 31.Rxb7 Re4 32.Kf2 Ke7 33.Kf3 Re6 34.Ra7 Rd6 35.Re3+ Kf6 36.Rxa5 R8xd7
37.Rae5 Rd3 38.Kf4 R7d4+ 39.Kf3 Rd1 40.Kf2 R4d2+ 41.Re2 Rxe2+ 42.Rxe2 Rd3
43.Kg2 Kg5 44.Rf2 Kh4 45.Rxf7 Rxh3 46.Ra7 Rg3+ 47.Kh2 Rxg4 48.Ra6 h5 49.Ra5 Rb4
50.Ra2 g5 51.Rg2 g4 52.Kh1 Kg5 53.Rf2 h4 54.Kg2 g3 55.Rf3 Kg4 56.Rf8 h3+
57.Kf1 Rf4+  0-1

[Event "Open A"]
[Site "Panevezys LTU"]
[Date "2009.08.23"]
[Round "9"]
[White "Grabliauskas,V"]
[Black "Latinis,M"]
[Result "1-0"]
[WhiteElo "2409"]
[BlackElo "1967"]

1.d4 Nf6 2.c4 g6 3.Nc3 d5 4.cxd5 Nxd5 5.e4 Nxc3 6.bxc3 Bg7 7.Be3 O-O 8.Qd2 c5
9.Rc1 Qa5 10.d5 Nd7 11.Nf3 b5 12.Be2 Rd8 13.O-O Nf6 14.c4 b4 15.Qc2 Ng4 16.Bg5 Qc7
17.h3 Ne5 18.Nd2 h6 19.Be3 g5 20.Nb3 Nd7 21.Bg4 Nb6 22.Nxc5 Bxg4 23.hxg4 Rdc8
24.f4 gxf4 25.Rxf4 Bd4 26.Bxd4 Qxf4 27.Rf1 Qg5 28.Rf5 Qg6 29.Qc1 Rc7 30.Rh5 f6
31.d6 exd6 32.Rxh6 Qg5 33.Qxg5+ fxg5 34.Rh8+ Kf7 35.Rh7+ Kg6 36.Rxc7 dxc5
37.Rc6+ Kf7 38.Rxc5 Re8 39.Rf5+ Kg6 40.c5 Na4 41.c6 Rc8 42.Ra5  1-0

[Event "6th Open"]
[Site "Kalamaria GRE"]
[Date "2009.08.26"]
[Round "6"]
[White "Iskusnyh,S"]
[Black "Jaracz,P"]
[Result "1/2-1/2"]
[WhiteElo "2471"]
[BlackElo "2539"]

1.d4 Nf6 2.c4 g6 3.Nc3 d5 4.cxd5 Nxd5 5.e4 Nxc3 6.bxc3 Bg7 7.Be3 c5 8.Qd2 cxd4
9.cxd4 Nc6 10.Rd1 Bg4 11.Be2 Bxe2 12.Nxe2 O-O 13.O-O e6 14.Bh6 Qa5 15.Qe3 Qxa2
16.Bxg7 Kxg7 17.Nf4 Rfe8 18.d5 exd5 19.Nh5+ gxh5 20.Qg5+ Kh8 21.Qf6+ Kg8
22.Qg5+ Kh8 23.Qf6+  1/2-1/2

[Event "XXI Festival Open A"]
[Site "Porto San Giorgio ITA"]
[Date "2009.08.28"]
[Round "8"]
[White "Lalic,B"]
[Black "Mogranzini,R"]
[Result "1-0"]
[WhiteElo "2517"]
[BlackElo "2415"]

1.d4 Nf6 2.c4 g6 3.Nc3 d5 4.cxd5 Nxd5 5.e4 Nxc3 6.bxc3 Bg7 7.Bg5 c5 8.Rc1 Qa5
9.Qd2 O-O 10.Nf3 Bg4 11.d5 f6 12.Be3 Nd7 13.Be2 b5 14.O-O e5 15.a4 a6 16.axb5 axb5
17.Qb2 Rab8 18.Ra1 Qb6 19.Rfb1 f5 20.Qxb5 fxe4 21.Nd2 Qd8 22.Qc4 Rxb1+ 23.Rxb1 Nb6
24.Rxb6 Bxe2 25.Qxc5 Qa8 26.h3 Bd3 27.c4 Rc8 28.Rc6 Rd8 29.d6 Qa1+ 30.Kh2 Bf8
31.Qd5+ Kh8 32.Qf7  1-0

[Event "XI Sants Open"]
[Site "Barcelona ESP"]
[Date "2009.08.29"]
[Round "9"]
[White "Mihailovs,J"]
[Black "Ipatov,A ESP"]
[Result "1/2-1/2"]
[WhiteElo "2408"]
[BlackElo "2454"]

1.d4 Nf6 2.c4 g6 3.Nc3 d5 4.cxd5 Nxd5 5.e4 Nxc3 6.bxc3 Bg7 7.Bc4 c5 8.Ne2 Nc6
9.Be3 O-O 10.O-O Qc7 11.Rc1 Rd8 12.Qd2 a6 13.Bh6 Bh8 14.f4 b5 15.Bb3 c4  1/2-1/2